Kanun Prosedur Jenayah (Akta 593) : (Record no. 4376)

000 -LEADER
fixed length control field nam a22 a 4500
003 - CONTROL NUMBER IDENTIFIER
control field AKMAL
005 - DATE AND TIME OF LATEST TRANSACTION
control field 20170529114200.0
008 - FIXED-LENGTH DATA ELEMENTS--GENERAL INFORMATION
fixed length control field 170529s2006 my | e l 000 0 may d
020 ## - INTERNATIONAL STANDARD BOOK NUMBER
International Standard Book Number 9678916665 (kkt.)
082 04 - DEWEY DECIMAL CLASSIFICATION NUMBER
Classification number 345.59505 KAN
Edition number 22
090 00 - LOCALLY ASSIGNED LC-TYPE CALL NUMBER (OCLC); LOCAL CALL NUMBER (RLIN)
Classification number (OCLC) (R) ; Classification number, CALL (RLIN) (NR) 345.59505
Local cutter number (OCLC) ; Book number/undivided call number, CALL (RLIN) KAN
110 1# - MAIN ENTRY--CORPORATE NAME
Corporate name or jurisdiction name as entry element Malaysia
9 (RLIN) 400
245 10 - TITLE STATEMENT
Title Kanun Prosedur Jenayah (Akta 593) :
Remainder of title (hingga 10hb Februari 2006) /
Statement of responsibility, etc. disusun oleh : Lembaga Penyelidikan Undang-Undang
260 ## - PUBLICATION, DISTRIBUTION, ETC.
Place of publication, distribution, etc. Petaling Jaya :
Name of publisher, distributor, etc. International Law Book Services,
Date of publication, distribution, etc. 2006
300 ## - PHYSICAL DESCRIPTION
Extent 328ms. ;
Dimensions 24cm.
490 1# - SERIES STATEMENT
Series statement Undang-undang Malaysia
650 10 - SUBJECT ADDED ENTRY--TOPICAL TERM
Topical term or geographic name entry element Criminal law
Geographic subdivision Malaysia
9 (RLIN) 3716
650 20 - SUBJECT ADDED ENTRY--TOPICAL TERM
Topical term or geographic name entry element Criminal procedure
Geographic subdivision Malaysia
9 (RLIN) 3883
710 2# - ADDED ENTRY--CORPORATE NAME
Corporate name or jurisdiction name as entry element Lembaga Penyelidikan Undang-Undang
9 (RLIN) 8533
830 #0 - SERIES ADDED ENTRY--UNIFORM TITLE
Uniform title UNDANG-UNDANG MALAYSIA
9 (RLIN) 8534
942 ## - ADDED ENTRY ELEMENTS (KOHA)
Source of classification or shelving scheme
Koha item type Book
Holdings
Withdrawn status Lost status Source of classification or shelving scheme Damaged status Not for loan Collection code Home library Current library Shelving location Date acquired Inventory number Total Checkouts Full call number Barcode Date last seen Price effective from Koha item type
          NON-FICTION AKMAL Melaka AKMAL Melaka PINJAMAN 29.05.2017 304517   345.59505 KAN 201706781 29.05.2017 29.05.2017 Book
          NON-FICTION AKMAL Melaka AKMAL Melaka PINJAMAN 29.05.2017 304520   345.59505 KAN 201706780 29.05.2017 29.05.2017 Book
          NON-FICTION AKMAL Melaka AKMAL Melaka PINJAMAN 29.05.2017 304519   345.59505 KAN 201706779 29.05.2017 29.05.2017 Book
          NON-FICTION AKMAL Melaka AKMAL Melaka PINJAMAN 29.05.2017 304516   345.59505 KAN 201706778 29.05.2017 29.05.2017 Book
Pusat Sumber Maklumat Dato' Haji Sarmin Md Hussin, Akademi Kastam Diraja Malaysia, Melaka
Tel: 06-2331106 | Faks: 06-2313787